Vật liệu kim loại màu /
Guardado en:
| Autor principal: | |
|---|---|
| Formato: | Libro |
| Lenguaje: | Vietnamese |
| Publicado: |
H. :
Khoa học kỹ thuật ,
2003
|
| Edición: | In lần thứ 1 |
| Materias: | |
| Etiquetas: |
Agregar Etiqueta
Sin Etiquetas, Sea el primero en etiquetar este registro!
|
| Thư viện lưu trữ: | Thư viện Trường CĐ Kỹ Thuật Cao Thắng |
|---|
| LEADER | 00646nam a2200193 a 4500 | ||
|---|---|---|---|
| 001 | TVCDKTCT7682 | ||
| 003 | Thư viện trường Cao đẳng Kỹ thuật Cao Thắng | ||
| 005 | 20070628000000 | ||
| 008 | 070628 | ||
| 980 | \ | \ | |a Thư viện Trường CĐ Kỹ Thuật Cao Thắng |
| 024 | |a RG_1 #1 eb0 i1 i5 | ||
| 041 | 0 | # | |a vie |
| 082 | # | # | |a 620.16 / |b NG527X-v |
| 100 | 1 | # | |a Nguyễn Khắc Xương |
| 245 | 0 | 0 | |a Vật liệu kim loại màu / |c Nguyễn Khắc Xương |
| 250 | # | # | |a In lần thứ 1 |
| 260 | # | # | |a H. : |b Khoa học kỹ thuật , |c 2003 |
| 300 | # | # | |a 463tr. ; |c 24cm |
| 650 | # | 4 | |a Vật liệu--Kim loại |